000
00314nam a2200121Ia 4500
005
20260328101456.0
008
260328s9999||||xx |||||||||||||| ||und||
100
_a
Hoelscher, R.P.
245
0
_a
Engineering Drawing and geometry /
_c
R.P. Hoelscher
260
_b
John Wiley & Sons
650
_a
GEOMETRÍA
942
_c
BK
999
_c
8828
_d
8828